Loading...
| Fine Arts - Classical Music | 5 | 10.00 | 100% | 0% | 0% |
| Fine Arts - Other Fine Arts | 4 | 10.00 | 75% | 25% | 0% |
| Fine Arts - Visual Fine Arts | 3 | 13.33 | 100% | 33% | 0% |
| Geography/Current Events | 2 | 15.00 | 100% | 50% | 0% |
| History - American History | 3 | 10.00 | 67% | 33% | 0% |
| History - European History | 5 | 10.00 | 80% | 20% | 0% |
| History - Other History | 5 | 12.00 | 60% | 60% | 0% |
| History - World History | 1 | 20.00 | 100% | 100% | 0% |
| Literature - American Literature | 5 | 10.00 | 100% | 0% | 0% |
| Literature - British Literature | 5 | 6.00 | 60% | 0% | 0% |
| Literature - European Literature | 3 | 13.33 | 100% | 33% | 0% |
| Literature - World/Other Literature | 5 | 14.00 | 100% | 40% | 0% |
| Mythology | 8 | 16.25 | 100% | 50% | 13% |
| Other Academic | 2 | 15.00 | 100% | 50% | 0% |
| Philosophy | 5 | 8.00 | 80% | 0% | 0% |
| Religion | 5 | 10.00 | 100% | 0% | 0% |
| Science - Biology | 3 | 13.33 | 100% | 33% | 0% |
| Science - Chemistry | 5 | 12.00 | 100% | 20% | 0% |
| Science - Other Science | 5 | 10.00 | 100% | 0% | 0% |
| Science - Physics | 4 | 12.50 | 100% | 25% | 0% |
| Social Science | 4 | 10.00 | 100% | 0% | 0% |